1402 1066 1414 1602 1338 1638 1512 1307 1846 1091 1791 1510 1071 1205 1512 1977 1356 1120 1858 1176 1417 1424 1703 1756 1587 1073 1888 1044 1247 1459 1690 1673 1479 1816 1516 1533 1806 1864 1688 1056 1466 1652 1714 1312 1945 1720 1206 1681 1185 1022 1488 1635 1512 1802 1116 1474 1989 1937 1822 1663 1019 1401 1775 1912 1578 1661 1488 1360 1794 1199 1019 1493 1800 1710 1678 1387 1754 1924 1870 1488 1769 1514 1445 1257 1034 1148 1130 1061 1071 1551 1143 1447 1725 1426 1205 1041 1062 1231 1429 BCNSPRNW ULIB Ver.6.0+V

เปลี่ยนเป็นภาษาไทย

Change to English
 แสดงรายละเอียดบรรณานุกรม
  กลับหน้าหลัก

Brief Record : Get Marc (ISO 2709) : E-mail record : QR code < ปิดหน้าต่าง
LEADER : 00000nam 2200000uu 4500
001    13399112025
003     ULIB
008    110627s2553||||th 000 0 tha d
020    9786167081502
090    นว.^bท378อ 2553
100 0  ทานตะวัน
245 00 อุบัติเสน่หา/^cทานตะวัน
250    พิมพ์ครั้งที่ 1
260    กรุงเทพฯ :^bสมาร์ทบุ๊ค,^c2553
300    432 หน้า
710 1  สมาร์ทบุ๊ค
945    ^p270^l0^i028017
995    ทศพร
999 ^a ใช้งานได้ทุกระบบ
รายการนี้ยังไม่มีแท็ก
คุณยังไม่ได้ล็อกอิน คุณสามารถมีกิจกรรมร่วมกับเว็บไซต์ได้ แต่ต้องล็อกอินก่อน ::
  ล็อกอิน

รายการสื่อสารสนเทศ

ลำดับที่ ประเภท เลขเรียก/บาร์โค้ด สถานที่ สถานะ
- ไม่พบข้อมูล -

BibComment


ยังไม่เคยถูกคอมเมนท์

คอมเมนท์ทรัพยากรรายการนี้
  คอมเมนท์: อุบัติเสน่หา ทานต..


 Copyright 2026. Bcnsprnw @Library